000 00723nam a2200229 i 4500
001 128605
003 ES-MaACL
005 20260112151141.0
007 t|
008 070521s1916 sp ||||1| spa d
080 _a821.134.2-92"19"
100 1 _aTapia, Luis de,
_d1871-1937
_9109228
245 1 0 _aAsí vivimos /
_cLuis de Tapia.
260 _aMadrid :
_bRenacimiento,
_c1916.
300 _a318 p. ;
_c19 cm.
530 _aDisponible en formato digital.
594 _aRecoge una selección de artículos del autor.
852 4 _aES-MaACL
_jF-5578
_cDEPO2
856 4 _uhttp://bdh-rd.bne.es/viewer.vm?id=0000231428&page=1
_y(Biblioteca Digital Hispánica)
942 _2udc
999 _c128605
_d128605